00765nam a22002057a 450000500170000001000150001702000260003203500130005803700130007108200110008410000210009524500760011626000350019227000660022730000340029350000660032794200250039399900170041895201240043520131217152929.0 aENG-108823 c695.00a9789380165004 aEN-92356 bDBAD/PUB a337.54 aMalhotra, Gunjan aIndia's economic cooperation with SAARC countries /cby Gunjan Malhotra aDelhibA.K. Publicationsc2013 aB-61/E-1, Gali No. 14, Jagatpuri Ext. ShahadrabDelhie110093 axviii,206p. :c22cm(Hb)bill. aIncludes bibliographical references (p. [189]-203) and index. 2ddccENmMALh337.54 c81160d81160 001040718NFICaDBADbDBADd2013-12-16eDBAD/PUBg695.00l0o337.54 MALpEN-92356r2013-12-16 00:00:00t1v695.00yEN